书目信息 |
| 题名: |
电视机的原理与维修
|
|
| 作者: | 中央广播事业局电视服务部编 | |
| 分册: | ||
| 出版信息: | 北京 科学出版社 1973.3 |
|
| 页数: | 388页 | |
| 开本: | 21cm | |
| 丛书名: | ||
| 单 册: | ||
| 中图分类: | TN949.8 | |
| 科图分类: | ||
| 主题词: | 电视--传真通信 | |
| 电子资源: | ||
| ISBN: | ||
| 000 | 00619nam0 2200205 45 | |
| 001 | 0405181516 | |
| 005 | 20060531153702.00 | |
| 010 | @dCNY1.10 | |
| 091 | @a15031.52 | |
| 100 | @a20040518d1973 km y0chiy0120 ea | |
| 101 | 0 | @achi |
| 105 | @aa z 000yy | |
| 200 | 1 | @a电视机的原理与维修@ADian Shi Ji De Yuan Li Yu Wei Xiu@f中央广播事业局电视服务部编@FZhong Yang Guang Bo Shi Ye Ju Dian Shi Fu Wu Bu Bian |
| 210 | @a北京@c科学出版社@d1973.3 | |
| 215 | @a388页@d21cm | |
| 606 | 0 | @a电视@x传真通信 |
| 690 | @aTN949.8@v3 | |
| 710 | 02 | @a中央广播事业局电视服务部@4编 |
| 801 | @aCN@bTSTCL@c20060531 | |
| 905 | @dTN949.8@e24 | |
| 电视机的原理与维修/中央广播事业局电视服务部编.-北京:科学出版社,1973.3 |
| 388页;21cm |
| ISBN :CNY1.10 |
| ● |
| 相关链接 |
|
|
|
|
正题名:电视机的原理与维修
索取号:TN949.8/24
 
预约/预借
| 序号 | 登录号 | 条形码 | 馆藏地/架位号 | 状态 | 备注 |
| 1 | 0016166 | 001324999 | 密集书库/ [索取号:TN949.8/24] | 在馆 | |
| 2 | 0061999 | 001325391 | 第三借阅区/ [索取号:TN949.8/24] | 在馆 | |
| 3 | 0062000 | 001325747 | 第二样本阅览室/ [索取号:TN949.8/24] | 在馆 | |
| 4 | 0420193 | 204201933 | 密集书库/ [索取号:TN949.8/24] | 在馆 |